[Event "MEX-ch"]
[Site "Mexico City"]
[Date "2023.11.08"]
[Round "2"]
[White "Ibarra Elizarraras, Juan Jose"]
[Black "Davalos Prieto, Abel"]
[Result "0-1"]
[WhiteElo "1692"]
[BlackElo "2008"]
[PlyCount "79"]
[EventDate "2023.11.07"]
[EventType "swiss"]
[EventRounds "9"]
[EventCountry "MEX"]
[SourceTitle "CB46_2023"]
[SourceDate "2023.11.15"]
[SourceVersion "1"]
[SourceVersionDate "2023.11.15"]
[SourceQuality "1"]

1. e4 c5 2. Nf3 Nc6 3. Bb5 g6 4. 0-0 Bg7 5. c3 Nf6 6. Bxc6 dxc6 7. Re1 0-0 8. d4 Bg4 9. e5 Nd7 10. h3 Bxf3 11. Qxf3 e6 12. Na3 cxd4 13. cxd4 Nb6 14. Nc2 Qd5 15. Qg3 c5 16. Be3 Rac8 17. Bc1 Ra8 18. Be3 Rac8 19. f4 Nc4 20. b3 Nxe3 21. Qxe3 cxd4 22. Nxd4 Rfd8 23. Rad1 Bf8 24. Re2 Bc5 25. Red2 Rd7 26. Re2 Rdd8 27. Red2 Rd7 28. Kh2 Rcd8 29. Qc3 Bxd4 30. Rxd4 Qxd4 31. Rxd4 Rxd4 32. Qc7 R8d7 33. Qc8+ Kg7 34. h4 h5 35. Kh3 b5 36. Kg3 b4 37. Kh2 R7d5 38. Kh3 Rd7 39. Kh2 R7d5 40. Qc2 0-1

[Event "Chihuahua Bionext op"]
[Site "Chihuahua City"]
[Date "2019.11.30"]
[Round "4"]
[White "Corrales Jimenez, Zenia"]
[Black "Ibarra Elizarraras, Juan Jose"]
[Result "1-0"]
[WhiteElo "2219"]
[BlackElo "1889"]
[PlyCount "87"]
[EventDate "2019.11.28"]
[EventType "swiss"]
[EventRounds "7"]
[EventCountry "MEX"]
[SourceTitle "CBM 193 Extra"]
[Source "ChessBase"]
[SourceDate "2020.01.31"]
[SourceVersion "1"]
[SourceVersionDate "2020.01.31"]
[SourceQuality "1"]

1. e4 e6 2. d4 d5 3. Bd3 Nf6 4. e5 Nfd7 5. Nf3 b6 6. Ng5 h6 7. Qh5 hxg5 8. Qxh8 Ba6 9. Qh7 Bxd3 10. Qxd3 c5 11. c3 c4 12. Qg3 Be7 13. f4 Nc6 14. fxg5 Qc7 15. 0-0 0-0-0 16. Rxf7 g6 17. Be3 Rh8 18. Nd2 Qd8 19. Qg4 Nf8 20. Rxf8 Rxf8 21. Qxe6+ Kc7 22. Qxg6 Rg8 23. Qf7 Rf8 24. Qh5 Rh8 25. Qg4 Qg8 26. g6 Rh4 27. Qg3 Kb7 28. Rf1 Nd8 29. Bg5 Bxg5 30. Qxg5 Rh7 31. gxh7 Qxg5 32. h8Q Qxd2 33. Qxd8 Qe3+ 34. Kh1 Qe2 35. Qxd5+ Ka6 36. Qf3 Qxb2 37. e6 Qa3 38. Re1 Qe7 39. d5 Qh4 40. Qe4 Qf2 41. e7 Qd2 42. e8Q Qxc3 43. Qa4+ Qa5 44. Qexc4+ 1-0